000362241 001__ 362241 000362241 005__ 20251015223502.0 000362241 037__ $$aGSI-2025-01105 000362241 1001_ $$0P:(DE-Ds200)OR10870$$aLudhova, Livia$$b0$$eCorresponding author$$ugsi 000362241 1112_ $$aSummer School on Neutrino Physics Beyond the Standard Model$$cStrasbourg$$d2025-06-29 - 2025-07-11$$wFrance 000362241 245__ $$aSolar and geoneutrinos 000362241 260__ $$c2025 000362241 3367_ $$033$$2EndNote$$aConference Paper 000362241 3367_ $$2DataCite$$aOther 000362241 3367_ $$2BibTeX$$aINPROCEEDINGS 000362241 3367_ $$2ORCID$$aLECTURE_SPEECH 000362241 3367_ $$0PUB:(DE-HGF)31$$2PUB:(DE-HGF)$$aTalk (non-conference)$$btalk$$mtalk$$s1760517334_2457092$$xInvited 000362241 3367_ $$2DINI$$aOther 000362241 536__ $$0G:(DE-HGF)POF4-612$$a612 - Cosmic Matter in the Laboratory (POF4-612)$$cPOF4-612$$fPOF IV$$x0 000362241 693__ $$0EXP:(DE-Ds200)JUNO-2022$$1EXP:(DE-Ds200)JUNO-2022$$aJUNO Experiment at Jiangmen Underground Neutrino Observatory in China ( - ; other)$$x0 000362241 909CO $$ooai:repository.gsi.de:362241$$pVDB 000362241 9101_ $$0I:(DE-Ds200)20121206GSI$$6P:(DE-Ds200)OR10870$$aGSI Helmholtzzentrum für Schwerionenforschung GmbH$$b0$$kGSI 000362241 9131_ $$0G:(DE-HGF)POF4-612$$1G:(DE-HGF)POF4-610$$2G:(DE-HGF)POF4-600$$3G:(DE-HGF)POF4$$4G:(DE-HGF)POF$$aDE-HGF$$bForschungsbereich Materie$$lMatter and the Universe$$vCosmic Matter in the Laboratory$$x0 000362241 9141_ $$y2025 000362241 920__ $$lyes 000362241 9201_ $$0I:(DE-Ds200)FFN-20210302OR452$$kFFN$$lFAIR Forschung NRW$$x0 000362241 980__ $$atalk 000362241 980__ $$aVDB 000362241 980__ $$aI:(DE-Ds200)FFN-20210302OR452 000362241 980__ $$aUNRESTRICTED